| 000 | 01172cam a22003131 4500 | ||
|---|---|---|---|
| 001 | 4539407 | ||
| 003 | OSt | ||
| 005 | 20140310181625.0 | ||
| 008 | 700914s1968 iluac j b 000 0beng | ||
| 010 | _a 68015562 | ||
| 040 |
_aDLC _cDLC _dDLC |
||
| 042 | _alcac | ||
| 050 | 0 | 0 |
_aTL 540 _b.R514 1968 |
| 082 | 0 | 0 |
_aREF 920 _bL63 1968 |
| 100 | 1 |
_aRichards, Kenneth G., _d1926- |
|
| 245 | 1 | 0 |
_aPeople of destiny : _cby Kenneth G. Richards. _bCharles Lindbergh / |
| 260 |
_aChicago, _bChildrens Press _c[1968] |
||
| 300 |
_a95 p. ; _billus., ports. _c29 cm. |
||
| 490 | 0 | _aPeople of destiny: a humanities series | |
| 504 | _aBibliography: p. 92-93. | ||
| 520 | _a1. Lindbergh, Charles 2. A biography of the aviator whose solo crossing of the Atlantic fired the imagination of the world and won the adulation of peoples everywhere. | ||
| 521 | _aBasic Ed. Students | ||
| 541 | _j1 | ||
| 562 | _eFor circulation. 1 copy in the collection | ||
| 600 | 1 | 0 |
_aLindbergh, Charles A. _q(Charles Augustus), _d1902-1974. |
| 600 | 1 | 1 |
_aLindbergh, Charles A. _q(Charles Augustus), _d1902-1974. |
| 906 |
_a7 _bcbc _corignew _du _encip _f19 _gy-gencatlg |
||
| 942 |
_2lcc _cBK-GR _kREF |
||
| 999 |
_c287 _d287 |
||